000 01111nam a2200205Ia 4500
999 _c9901
_d9901
005 20231026145622.0
008 231024s9999 xx 000 0 und d
020 _a970-607-359-0
040 _aUPAN
_cBiblioteca San Vicente
_eRCAA2
041 _aspa
082 _a370.3
_bG216d
_c1994
100 _aGarcía-Pelayo
_4aut.
245 0 _aDiccionario usual
_cGarcía-Pelayo, Ramón Gross
250 _a7° ed.
260 _aMéxico:
_bLarousse,
_c1994
300 _a742 p.;
_bil., col.,
_c22 cm.
505 _aEl lector encontrarà en este libro el conjunto de voces que forma el acervo lingüístico de quienes utilizan en toda la superficie del planea el castellano como medio de expresiòn. Los distintos artículos podràn despejar las dudas que le asalten y ayudarle en sus investigaciones gracias a la explicaciòn sencilla y clara de los tèrminos clàsicos o modernos así como de los tecnicismos impuestos por los adelantos contemporàneos en el mundo del àtomo, la astronàutica, la cibernètica, la televisiòn, la informàtica, la medicina, etc.
650 _2LEMB
_aDiccionario
942 _cBK
_2ddc